书目信息 |
| 题名: |
改革的前景
|
|
| 作者: | 赖海榕 著 | |
| 分册: | ||
| 出版信息: | 北京 中央编译出版社 2014.03 |
|
| 页数: | 247页 | |
| 开本: | 24cm | |
| 丛书名: | 逐浪者文丛 | |
| 单 册: | ||
| 中图分类: | D55 | |
| 科图分类: | ||
| 主题词: | 政治事件--世界 , 政治事件 | |
| 电子资源: | ||
| ISBN: | 978-7-5117-2050-4 | |
| 000 | 01027oam2 2200301 450 | |
| 001 | 0120141277523 | |
| 005 | 20160516093152.70 | |
| 010 | @a978-7-5117-2050-4@dCNY48.00 | |
| 100 | @a20140425d2014 em y0chiy0110 ea | |
| 101 | 0 | @achi |
| 102 | @aCN@b110000 | |
| 105 | @aak z 000yy | |
| 106 | @ar | |
| 200 | 1 | @a改革的前景@9gai ge de qian jing@e中国与世界@dProspects of reform@eChina and the world@f赖海榕著@zeng |
| 210 | @a北京@c中央编译出版社@d2014.03 | |
| 215 | @a247页@c图@d24cm | |
| 225 | 2 | @a逐浪者文丛 |
| 308 | @a丛书第一辑 | |
| 330 | @a本书分为中国篇、外国篇。主要内容包括:国际视野下的中国改革前景;中国政治稳定的三个基本要素;中国传统文化及价值观与自由民主的融合;民主并非选圣贤而在释放社会创造力等。 | |
| 333 | @a政治爱好者 | |
| 461 | 0 | @12001 @a逐浪者文丛 |
| 510 | 1 | @aProspects of reform@eChina and the world@zeng |
| 606 | 0 | @a政治事件@y世界 |
| 606 | 0 | @a政治事件 |
| 690 | @aD55@v5 | |
| 701 | 0 | @a赖海榕@9lai hai rong@4著 |
| 801 | 0 | @aCN@b人天书店@c20140425 |
| 905 | @b877324-29@dD55@e200@f6 | |
| 改革的前景:中国与世界=Prospects of reform:China and the world/赖海榕著.-北京:中央编译出版社,2014.03 |
| 247页:图;24cm.-(逐浪者文丛) |
| 使用对象:政治爱好者 |
| ISBN 978-7-5117-2050-4:CNY48.00 |
| 本书分为中国篇、外国篇。主要内容包括:国际视野下的中国改革前景;中国政治稳定的三个基本要素;中国传统文化及价值观与自由民主的融合;民主并非选圣贤而在释放社会创造力等。 |
| ● |
| 相关链接 |
|
|
|
|
正题名:改革的前景
索取号:D55/200
 
预约/预借
| 序号 | 登录号 | 条形码 | 馆藏地/架位号 | 状态 | 备注 |
| 1 | 877324 | 208773246 | 第一样本阅览室/ [索取号:D55/200] | 在馆 | |
| 2 | 877325 | 208773255 | 教育系资料室/ [索取号:D55/200] | 在馆 | |
| 3 | 877326 | 208773264 | 教育系资料室/ [索取号:D55/200] | 在馆 | |
| 4 | 877327 | 208773273 | 教育系资料室/ [索取号:D55/200] | 在馆 | |
| 5 | 877328 | 208773282 | 第一借阅区/ [索取号:D55/200] | 在馆 | |
| 6 | 877329 | 208773291 | 第一借阅区/ [索取号:D55/200] | 在馆 |